[Event "Bohumin op 2nd"]
[Site "Bohumin"]
[Date "2019.06.29"]
[Round "8"]
[White "Adamcik, Bohdan"]
[Black "Trombik, Karel"]
[Result "0-1"]
[WhiteElo "1623"]
[BlackElo "1959"]
[PlyCount "87"]
[EventDate "2019.06.22"]
[EventType "swiss"]
[EventRounds "9"]
[EventCountry "CZE"]
[SourceTitle "CBM 191 Extra"]
[Source "ChessBase"]
[SourceDate "2019.09.30"]
[SourceVersion "1"]
[SourceVersionDate "2019.09.30"]
[SourceQuality "1"]

1. e4 c5 2. Nf3 e6 3. d4 cxd4 4. Nxd4 a6 5. Nc3 Bb4 6. Bd2 d6 7. Bd3 Nf6 8. a3 Bc5 9. Nb3 Ba7 10. 0-0 Nc6 11. Kh1 0-0 12. f4 b5 13. Qf3 e5 14. f5 h6 15. Qg3 Kh7 16. Rf3 Bb7 17. Re1 Rc8 18. Qh3 Nd4 19. Nxd4 exd4 20. Nd5 Nxd5 21. exd5 f6 22. Rg3 Rc7 23. Qh5 Bxd5 24. Qg6+ Kh8 25. Ba5 Re7 26. Re6 Qe8 27. Qxe8 Rfxe8 28. Rxe7 Rxe7 29. Kg1 Kg8 30. h4 Kf7 31. Kf2 Bc4 32. Bd2 Bxd3 33. Rxd3 Rc7 34. b4 Rxc2 35. Kf3 d5 36. Be1 Rc4 37. Bf2 h5 38. Bg1 Bb6 39. Bf2 g6 40. fxg6+ Kxg6 41. Bg1 Kf5 42. Bf2 Ke6 43. Kf4 Bc7+ 44. Kf3 0-1

[Event "Bohumin op 2nd"]
[Site "Bohumin"]
[Date "2019.06.27"]
[Round "6"]
[White "Pilch, Roman"]
[Black "Trombik, Karel"]
[Result "1-0"]
[WhiteElo "2129"]
[BlackElo "1959"]
[PlyCount "73"]
[EventDate "2019.06.22"]
[EventType "swiss"]
[EventRounds "9"]
[EventCountry "CZE"]
[SourceTitle "CBM 191 Extra"]
[Source "ChessBase"]
[SourceDate "2019.09.30"]
[SourceVersion "1"]
[SourceVersionDate "2019.09.30"]
[SourceQuality "1"]

1. Nf3 d5 2. c4 dxc4 3. Na3 Nf6 4. Nxc4 b6 5. Nce5 h6 6. e3 Bb7 7. Bb5+ Nfd7 8. Qa4 a6 9. Qf4 Bd5 10. Bd3 Nf6 11. b3 e6 12. Bb2 Be7 13. Rc1 c5 14. Bb1 Nbd7 15. h4 Bd6 16. e4 Nxe5 17. Nxe5 Bb7 18. Qg3 0-0 19. f4 Bxe4 20. Ng4 Nh5 21. Nxh6+ Kh8 22. Qg5 Bxb1 23. Qxh5 Bg6 24. Nxf7+ Kg8 25. Qh8+ Kxf7 26. Qxg7+ Ke8 27. Qxg6+ Kd7 28. g3 Rg8 29. Qf7+ Kc6 30. Kf2 e5 31. Qh5 exf4 32. Qf3+ Kc7 33. gxf4 Qd7 34. Rhg1 Qh7 35. h5 Raf8 36. Rxg8 Qxg8 37. Rg1 1-0

[Event "Bohumin op 2nd"]
[Site "Bohumin"]
[Date "2019.06.26"]
[Round "5"]
[White "Trombik, Karel"]
[Black "Slabek, Grzegorz"]
[Result "1-0"]
[WhiteElo "1959"]
[BlackElo "1953"]
[PlyCount "71"]
[EventDate "2019.06.22"]
[EventType "swiss"]
[EventRounds "9"]
[EventCountry "CZE"]
[SourceTitle "CBM 191 Extra"]
[Source "ChessBase"]
[SourceDate "2019.09.30"]
[SourceVersion "1"]
[SourceVersionDate "2019.09.30"]
[SourceQuality "1"]

1. d4 Nf6 2. Nf3 g6 3. c3 Bg7 4. Bf4 0-0 5. e3 d6 6. h3 c5 7. Be2 Nc6 8. 0-0 Qb6 9. Qc1 Ne4 10. Nbd2 Nxd2 11. Nxd2 e5 12. dxc5 dxc5 13. Bh2 Qc7 14. Bf3 Be6 15. Qc2 Rad8 16. Rfd1 h6 17. Qa4 Bd5 18. Ne4 Qb6 19. Qa3 Bxe4 20. Bxe4 Rxd1+ 21. Rxd1 Rd8 22. Rxd8+ Qxd8 23. Bg3 Qb6 24. Kh2 c4 25. Qa4 Qc5 26. Qd1 Ne7 27. Qd7 f5 28. Bxb7 g5 29. f4 exf4 30. exf4 Qe3 31. Qd6 Kh7 32. Bf3 Ng6 33. Bh5 Nxf4 34. Bxf4 gxf4 35. Bg6+ Kg8 36. Qd5+ 1-0

[Event "CZE-chT2F 1718"]
[Site "Czech Republic"]
[Date "2018.02.25"]
[Round "9.7"]
[White "Maroszczyk, Wieslaw"]
[Black "Trombik, Karel"]
[Result "0-1"]
[WhiteElo "1906"]
[BlackElo "2020"]
[PlyCount "134"]
[EventDate "2017.10.15"]
[EventType "team-tourn"]
[EventRounds "11"]
[EventCountry "CZE"]
[SourceTitle "EXT 2022"]
[Source "ChessBase"]
[SourceDate "2021.10.06"]
[SourceVersion "1"]
[SourceVersionDate "2021.10.06"]
[SourceQuality "1"]
[WhiteTeam "Trinec II"]
[BlackTeam "Ostrava Labortech II"]
[WhiteTeamCountry "CZE"]
[BlackTeamCountry "CZE"]

1. d4 Nf6 2. Nf3 e6 3. c4 b6 4. Nc3 Bb7 5. Bg5 Be7 6. e3 0-0 7. Bd3 d6 8. 0-0 Nbd7 9. Qe2 e5 10. dxe5 Bxf3 11. Qxf3 Nxe5 12. Qe2 Nxd3 13. Qxd3 Nd7 14. Bxe7 Qxe7 15. Rad1 Rac8 16. b3 Rfe8 17. Nd5 Qg5 18. Qd4 Nc5 19. Qf4 Qh5 20. Qg3 Ne4 21. Qf3 Qe5 22. Qf4 Qe6 23. f3 Nc5 24. e4 Qg6 25. h3 h5 26. Ne3 Rcd8 27. Nf5 Ne6 28. Qg3 Qf6 29. Qf2 Nf4 30. Kh2 g6 31. Nd4 h4 32. Nc6 Ra8 33. Nb4 Re5 34. Nd5 Nxd5 35. Rxd5 Qf4+ 36. g3 hxg3+ 37. Qxg3 Rxe4 38. Qxf4 Rxf4 39. Kg3 Rf6 40. Rfd1 Re8 41. R5d3 Re2 42. R1d2 Rfe6 43. f4 Kg7 44. Kf3 R2e4 45. Rc2 a5 46. a3 Re1 47. b4 axb4 48. axb4 Rb1 49. b5 Kf6 50. Ra3 Kf5 51. Ra7 Rb3+ 52. Kg2 Re7 53. Ra4 f6 54. Rd2 Re4 55. Rc2 Kxf4 56. Ra7 Re7 57. Rf2+ Kg5 58. h4+ Kxh4 59. Rxf6 Re2+ 60. Rf2 Re7 61. Rf4+ Kg5 62. Rd4 Re2+ 63. Kf1 Rc2 64. Ra1 Rb4 65. Re1 Rbxc4 66. Rd3 Rc1 67. Rd5+ Kf6 0-1

[Event "CZE-chT2F 1718"]
[Site "Czech Republic"]
[Date "2018.01.14"]
[Round "6.6"]
[White "Sramek, Vojtech"]
[Black "Trombik, Karel"]
[Result "1-0"]
[WhiteElo "2082"]
[BlackElo "2020"]
[PlyCount "73"]
[EventDate "2017.10.15"]
[EventType "team-tourn"]
[EventRounds "11"]
[EventCountry "CZE"]
[SourceTitle "EXT 2022"]
[Source "ChessBase"]
[SourceDate "2021.10.06"]
[SourceVersion "1"]
[SourceVersionDate "2021.10.06"]
[SourceQuality "1"]
[WhiteTeam "Orlova Slavia"]
[BlackTeam "Ostrava Labortech II"]
[WhiteTeamCountry "CZE"]
[BlackTeamCountry "CZE"]

1. d4 b5 2. e4 Bb7 3. Bxb5 Bxe4 4. Nf3 e6 5. 0-0 Nf6 6. Be2 Be7 7. c4 0-0 8. Nc3 Bb7 9. b3 d5 10. Qc2 Nc6 11. Rd1 Nb4 12. Qd2 dxc4 13. bxc4 Rb8 14. a3 Na6 15. Rb1 Ne4 16. Nxe4 Bxe4 17. Rxb8 Nxb8 18. Bb2 Nd7 19. Qa5 Qb8 20. Bc3 Qb6 21. c5 Qxa5 22. Bxa5 c6 23. Bc7 Rc8 24. Bg3 Nf6 25. Rd2 Nd5 26. Rb2 Bf6 27. Ne5 Bxe5 28. Bxe5 f6 29. Bd6 Nc3 30. Ba6 Rd8 31. Rb7 Bg6 32. f3 Ra8 33. Kf2 Nd1+ 34. Ke2 Nc3+ 35. Ke3 Nd1+ 36. Kd2 Nf2 37. Ke2 1-0

[Event "CZE-chT2F 1718"]
[Site "Czech Republic"]
[Date "2017.12.17"]
[Round "5.6"]
[White "Trombik, Karel"]
[Black "Kana, Pavel"]
[Result "1/2-1/2"]
[WhiteElo "2020"]
[BlackElo "2038"]
[PlyCount "91"]
[EventDate "2017.10.15"]
[EventType "team-tourn"]
[EventRounds "11"]
[EventCountry "CZE"]
[SourceTitle "EXT 2022"]
[Source "ChessBase"]
[SourceDate "2021.10.06"]
[SourceVersion "1"]
[SourceVersionDate "2021.10.06"]
[SourceQuality "1"]
[WhiteTeam "Ostrava Labortech II"]
[BlackTeam "Karvina"]
[WhiteTeamCountry "CZE"]
[BlackTeamCountry "CZE"]

1. d4 d5 2. Nf3 Nf6 3. c3 c6 4. Nbd2 Bf5 5. g3 e6 6. Bg2 Be7 7. 0-0 Ne4 8. Re1 Nd7 9. Nf1 0-0 10. N3d2 Nxd2 11. Nxd2 Nf6 12. Qb3 Qb6 13. f3 Bg6 14. Nf1 Qxb3 15. axb3 c5 16. Be3 Rfc8 17. dxc5 Bxc5 18. Bxc5 Rxc5 19. b4 Rb5 20. e3 a6 21. Nd2 Rc8 22. Nb3 Nd7 23. Bf1 Rb6 24. e4 dxe4 25. fxe4 Ne5 26. Nd4 Rd6 27. Bg2 Kf8 28. h3 Ke7 29. Re2 f6 30. Ra5 Bh5 31. g4 Be8 32. Rc5 Bd7 33. b3 b6 34. Rxc8 Bxc8 35. Re3 Bb7 36. Kf2 Rd8 37. Bf1 Rc8 38. Ke1 Rc7 39. b5 a5 40. Kd2 Rc8 41. Kc2 Kd6 42. Kb2 Rc7 43. c4 Ke7 44. Kc3 Rd7 45. Be2 Rd6 46. Bd1 1/2-1/2

[Event "CZE-chT2F 1718"]
[Site "Czech Republic"]
[Date "2017.11.19"]
[Round "3.5"]
[White "Vanicek, Michal"]
[Black "Trombik, Karel"]
[Result "0-1"]
[WhiteElo "1813"]
[BlackElo "2020"]
[PlyCount "60"]
[EventDate "2017.10.15"]
[EventType "team-tourn"]
[EventRounds "11"]
[EventCountry "CZE"]
[SourceTitle "EXT 2022"]
[Source "ChessBase"]
[SourceDate "2021.10.06"]
[SourceVersion "1"]
[SourceVersionDate "2021.10.06"]
[SourceQuality "1"]
[WhiteTeam "Frydek Mistek III"]
[BlackTeam "Ostrava Labortech II"]
[WhiteTeamCountry "CZE"]
[BlackTeamCountry "CZE"]

1. e4 Nf6 2. Nc3 d5 3. exd5 Nxd5 4. d4 Nxc3 5. bxc3 c6 6. Bc4 e6 7. Nf3 Nd7 8. 0-0 Be7 9. Re1 0-0 10. Bf4 Nf6 11. Bd3 b6 12. Ne5 Bb7 13. Bg5 c5 14. Re3 g6 15. Qe2 Nd5 16. Bxe7 Qxe7 17. Rg3 Nxc3 18. Qe3 cxd4 19. Qh6 Ne4 20. Rg4 Nf6 21. Rh4 Rfd8 22. Ng4 Rd5 23. Be4 Nh5 24. g3 Rad8 25. f4 d3 26. Bxd3 f5 27. Rxh5 fxg4 28. Bxg6 Qc5+ 29. Kf1 Rd1+ 30. Rxd1 Rxd1+ 0-1

[Event "CZE-chT2F 1718"]
[Site "Czech Republic"]
[Date "2017.10.15"]
[Round "1.7"]
[White "Trombik, Karel"]
[Black "Zidek, Vaclav"]
[Result "0-1"]
[WhiteElo "2020"]
[BlackElo "2129"]
[PlyCount "60"]
[EventDate "2017.10.15"]
[EventType "team-tourn"]
[EventRounds "11"]
[EventCountry "CZE"]
[SourceTitle "EXT 2022"]
[Source "ChessBase"]
[SourceDate "2021.10.06"]
[SourceVersion "1"]
[SourceVersionDate "2021.10.06"]
[SourceQuality "1"]
[WhiteTeam "Ostrava Labortech II"]
[BlackTeam "Poruba Slavoj II"]
[WhiteTeamCountry "CZE"]
[BlackTeamCountry "CZE"]

1. Nf3 Nf6 2. g3 b6 3. Bg2 Bb7 4. 0-0 c5 5. d3 d5 6. c3 g6 7. Nbd2 Bg7 8. Qc2 0-0 9. Re1 Qc7 10. e4 dxe4 11. Nxe4 Nc6 12. Nxf6+ Bxf6 13. Bh6 Rfd8 14. Rad1 Rac8 15. Nd2 Ne5 16. Ne4 Qd7 17. f4 Nc6 18. Qe2 Ba6 19. Bf1 Bh8 20. Ng5 e5 21. Ne4 Re8 22. Qf3 f5 23. Nf2 Bb7 24. Qe3 exf4 25. Qxf4 Ne5 26. d4 Nf3+ 27. Qxf3 Bxf3 28. Bc4+ Bd5 29. Rxe8+ Rxe8 30. dxc5 Re1+ 0-1

[Event "Orlova op 14th"]
[Site "Orlova"]
[Date "2017.05.28"]
[Round "9"]
[White "Adamczyk, Zuzanna"]
[Black "Trombik, Karel"]
[Result "0-1"]
[WhiteElo "1700"]
[BlackElo "2060"]
[PlyCount "88"]
[EventDate "2017.05.20"]
[EventType "swiss"]
[EventRounds "9"]
[EventCountry "CZE"]
[SourceTitle "CBM 178 Extra"]
[Source "ChessBase"]
[SourceDate "2017.06.22"]
[SourceVersion "1"]
[SourceVersionDate "2017.06.22"]
[SourceQuality "1"]

1. e4 Nf6 2. e5 Nd5 3. Bc4 e6 4. d4 Nb6 5. Bb3 d6 6. Nf3 Nc6 7. c3 dxe5 8. Nxe5 Nxe5 9. dxe5 Bd7 10. Be3 Bc6 11. 0-0 Nd5 12. Bxd5 Bxd5 13. Qe2 Qh4 14. Nd2 Be7 15. f4 0-0 16. c4 Bc6 17. Nb3 b6 18. Nd4 Bb7 19. f5 Bc5 20. Rf4 Qxf4 21. Bxf4 Bxd4+ 22. Kf1 exf5 23. Rd1 c5 24. b3 Be4 25. g4 Rfe8 26. gxf5 Bxf5 27. Qf3 Bg6 28. h4 h5 29. Re1 Rad8 30. Kg2 Re6 31. Kh2 Rde8 32. Qb7 a5 33. Rd1 Bf5 34. Kg3 Bg4 35. Rf1 Bf5 36. Rd1 Rg6+ 37. Kh2 Rg4 38. Bg3 Re6 39. Rf1 Bg6 40. Qd5 Kh7 41. Kh3 Be4 42. Qd7 Reg6 43. Bf4 Bg2+ 44. Kh2 Rxh4+ 0-1

[Event "Ostrava Konik op-A"]
[Site "Ostrava"]
[Date "2016.05.04"]
[Round "5"]
[White "Kratky, Josef"]
[Black "Trombik, Karel"]
[Result "0-1"]
[WhiteElo "2077"]
[BlackElo "2000"]
[PlyCount "96"]
[EventDate "2016.04.30"]
[EventType "swiss"]
[EventRounds "9"]
[EventCountry "CZE"]
[SourceTitle "CBM 172 Extra"]
[Source "ChessBase"]
[SourceDate "2016.06.21"]
[SourceVersion "1"]
[SourceVersionDate "2016.06.21"]
[SourceQuality "1"]

1. Nf3 d5 2. c4 dxc4 3. g3 Nf6 4. Bg2 c6 5. a4 g6 6. 0-0 Bg7 7. Na3 0-0 8. Nxc4 h6 9. d4 Na6 10. Nfe5 Kh7 11. e4 Nc7 12. Be3 Be6 13. Rc1 Nd7 14. f4 Nxe5 15. Nxe5 f5 16. exf5 gxf5 17. g4 Nd5 18. Qd3 Nxe3 19. Qxe3 fxg4 20. Nxc6 bxc6 21. Qxe6 Qxd4+ 22. Kh1 Rxf4 23. Rxf4 Qxf4 24. Rf1 Qg5 25. Rf5 Qc1+ 26. Rf1 Qg5 27. Be4+ Kh8 28. Rf5 Qc1+ 29. Kg2 Rd8 30. Rf2 Qg5 31. Qxc6 Qh4 32. Qc2 Bd4 33. Rf7 Bg7 34. Rf2 Qh3+ 35. Kh1 g3 36. Rg2 gxh2 37. Qe2 Rf8 38. Bd3 Rc8 39. Bc2 Rf8 40. Bd3 Qf3 41. Kxh2 Qf4+ 42. Kh1 Rc8 43. Bc2 Be5 44. Kg1 Rc5 45. Qd1 Bd4+ 46. Kh1 Re5 47. Bd3 Qh4+ 48. Rh2 Re1+ 0-1

[Event "Ostrava Konik op-A"]
[Site "Ostrava"]
[Date "2016.05.03"]
[Round "4"]
[White "Trombik, Karel"]
[Black "Pavlicek, Petr"]
[Result "1-0"]
[WhiteElo "2000"]
[BlackElo "1938"]
[PlyCount "39"]
[EventDate "2016.04.30"]
[EventType "swiss"]
[EventRounds "9"]
[EventCountry "CZE"]
[SourceTitle "CBM 172 Extra"]
[Source "ChessBase"]
[SourceDate "2016.06.21"]
[SourceVersion "1"]
[SourceVersionDate "2016.06.21"]
[SourceQuality "1"]

1. d4 Nf6 2. Nf3 e6 3. Bg5 d5 4. e3 Be7 5. Bd3 0-0 6. c3 b6 7. Nbd2 Bb7 8. 0-0 Nbd7 9. Qe2 Ne4 10. Bf4 c5 11. h3 a6 12. Rfe1 Re8 13. Rad1 Nf8 14. Ne5 Bd6 15. Bxe4 dxe4 16. dxc5 Bxe5 17. Bxe5 bxc5 18. Nxe4 Qh4 19. Nxc5 Qg5 20. f4 1-0

[Event "Ostrava Konik op-A"]
[Site "Ostrava"]
[Date "2016.04.30"]
[Round "1"]
[White "Lys, Josef"]
[Black "Trombik, Karel"]
[Result "1-0"]
[WhiteElo "2138"]
[BlackElo "2000"]
[PlyCount "83"]
[EventDate "2016.04.30"]
[EventType "swiss"]
[EventRounds "9"]
[EventCountry "CZE"]
[SourceTitle "CBM 172 Extra"]
[Source "ChessBase"]
[SourceDate "2016.06.21"]
[SourceVersion "1"]
[SourceVersionDate "2016.06.21"]
[SourceQuality "1"]

1. d4 b5 2. e4 Bb7 3. f3 a6 4. c4 bxc4 5. Bxc4 e6 6. Nc3 d5 7. exd5 exd5 8. Bb3 Be7 9. Nge2 Nf6 10. Bg5 0-0 11. 0-0 Nbd7 12. Qd2 c6 13. Rac1 a5 14. Na4 Rc8 15. Rc2 Ba6 16. Rfc1 Bb7 17. Qe1 Re8 18. Bd2 Ra8 19. Qf2 Bd6 20. Nf4 Qb8 21. g3 Qa7 22. Be3 Re7 23. Nd3 Rae8 24. Ne5 Qb8 25. Nxd7 Nxd7 26. Re1 Bb4 27. Nc3 c5 28. Rcc1 cxd4 29. Bxd4 Rxe1+ 30. Rxe1 Rxe1+ 31. Qxe1 Nc5 32. Bc2 Ne6 33. Qe3 g6 34. Kg2 Qc8 35. Bb6 Qd7 36. Bb3 Qd6 37. Bd4 Nxd4 38. Qxd4 Bc5 39. Qa4 Bb6 40. Qb5 d4 41. Na4 Qf6 42. Bd1 1-0

[Event "CZE-chT2F 1415"]
[Site "Czech Republic"]
[Date "2015.02.08"]
[Round "7.17"]
[White "Trombik, Karel"]
[Black "Beran, Petr"]
[Result "1/2-1/2"]
[WhiteElo "2005"]
[BlackElo "2056"]
[PlyCount "44"]
[EventDate "2014.11.02"]
[EventType "team-tourn"]
[EventRounds "11"]
[EventCountry "CZE"]
[SourceTitle "EXT 2022"]
[Source "ChessBase"]
[SourceDate "2021.10.06"]
[SourceVersion "1"]
[SourceVersionDate "2021.10.06"]
[SourceQuality "1"]
[WhiteTeam "Ostrava Labortech II"]
[BlackTeam "Havirov Slovan"]
[WhiteTeamCountry "CZE"]
[BlackTeamCountry "CZE"]

1. d4 d5 2. Nf3 Nf6 3. e3 e6 4. Bd3 Bd6 5. b3 b6 6. Bb2 Bb7 7. Nbd2 Nbd7 8. 0-0 Ne4 9. c4 0-0 10. Qe2 f5 11. Rfd1 Qe7 12. Nf1 a5 13. a4 Bb4 14. Rac1 c5 15. Ne5 Rad8 16. f3 Nef6 17. Ng3 cxd4 18. exd4 Nxe5 19. Qxe5 Qd6 20. Qe2 Rde8 21. Nf1 dxc4 22. Bxc4 Kh8 1/2-1/2

[Event "CZE-chT2F 1415"]
[Site "Czech Republic"]
[Date "2014.11.02"]
[Round "1.47"]
[White "Trombik, Karel"]
[Black "Musil, Vitezslav"]
[Result "1-0"]
[WhiteElo "2005"]
[BlackElo "2008"]
[PlyCount "69"]
[EventDate "2014.11.02"]
[EventType "team-tourn"]
[EventRounds "11"]
[EventCountry "CZE"]
[SourceTitle "EXT 2022"]
[Source "ChessBase"]
[SourceDate "2021.10.06"]
[SourceVersion "1"]
[SourceVersionDate "2021.10.06"]
[SourceQuality "1"]
[WhiteTeam "Ostrava Labortech II"]
[BlackTeam "Grygov II"]
[WhiteTeamCountry "CZE"]
[BlackTeamCountry "CZE"]

1. d4 Nf6 2. Nf3 g6 3. b3 Bg7 4. Bb2 d5 5. e3 0-0 6. Be2 Ne4 7. 0-0 c5 8. Nbd2 Nxd2 9. Qxd2 b6 10. Rad1 Bb7 11. c4 dxc4 12. bxc4 Na6 13. d5 Qc7 14. Bxg7 Kxg7 15. e4 f6 16. Qb2 h5 17. e5 fxe5 18. Nxe5 Rf6 19. f4 Bc8 20. Bd3 Bf5 21. Bxf5 Rxf5 22. Rfe1 Kh6 23. g3 Raf8 24. Nc6 R8f7 25. Re6 Nb4 26. Nxb4 cxb4 27. Qxb4 h4 28. Rde1 hxg3 29. hxg3 Qc8 30. R6e2 Rh5 31. Rg2 Qf5 32. g4 Qxf4 33. gxh5 Qd4+ 34. Kh1 Qh4+ 35. Rh2 1-0

[Event "Ostrava Konik op"]
[Site "Ostrava"]
[Date "2014.05.03"]
[Round "8"]
[White "Milat, Patrik"]
[Black "Trombik, Karel"]
[Result "1/2-1/2"]
[WhiteElo "2006"]
[BlackElo "2016"]
[PlyCount "54"]
[EventDate "2014.04.26"]
[EventType "swiss"]
[EventRounds "9"]
[EventCountry "CZE"]
[SourceTitle "CBM 160 Extra"]
[Source "ChessBase"]
[SourceDate "2014.07.01"]
[SourceVersion "1"]
[SourceVersionDate "2014.07.01"]
[SourceQuality "1"]

1. d4 b5 2. Nf3 e6 3. a4 b4 4. e4 Bb7 5. Bd3 Nf6 6. e5 Nd5 7. c4 bxc3 8. bxc3 c5 9. 0-0 cxd4 10. cxd4 Nc6 11. Nbd2 Ncb4 12. Ne4 Nxd3 13. Qxd3 Nb4 14. Qe3 Nc2 15. Qf4 Bxe4 16. Qxe4 Nxa1 17. Bg5 Be7 18. Bxe7 Kxe7 19. Rxa1 h6 20. d5 exd5 21. Qb4+ Ke8 22. Nd4 a5 23. Qd6 Rc8 24. Nb5 Qe7 25. Qa6 Rd8 26. Nc7+ Kf8 27. Qxa5 Rc8 1/2-1/2

[Event "CZE-chT2F 1314"]
[Site "Czech Republic"]
[Date "2014.02.16"]
[Round "8.45"]
[White "Trombik, Karel"]
[Black "Fiala, Vlastimil"]
[Result "1-0"]
[WhiteElo "2017"]
[BlackElo "2066"]
[PlyCount "115"]
[EventDate "2013.11.03"]
[EventType "team-tourn"]
[EventRounds "11"]
[EventCountry "CZE"]
[SourceTitle "EXT 2016"]
[Source "ChessBase"]
[SourceDate "2015.10.08"]
[SourceVersion "1"]
[SourceVersionDate "2015.10.08"]
[SourceQuality "1"]
[WhiteTeam "Orlova Slavia II"]
[BlackTeam "Olomouc Garde"]
[WhiteTeamCountry "CZE"]
[BlackTeamCountry "CZE"]

1. d4 f5 2. Bg5 Nf6 3. Bxf6 exf6 4. e3 d5 5. Nf3 Bd6 6. c4 c6 7. cxd5 cxd5 8. Nc3 Be6 9. Qb3 Qd7 10. Bd3 Nc6 11. 0-0 0-0 12. a3 Rae8 13. g3 Bb8 14. Rac1 Kh8 15. Na4 Qf7 16. Nc5 Bc8 17. Bb5 Na5 18. Qb4 Rd8 19. Qxa5 b6 20. Qd2 bxc5 21. Rxc5 g5 22. Rfc1 f4 23. Ne1 Bg4 24. Be2 f5 25. Bxg4 fxg4 26. R5c3 fxg3 27. hxg3 Bxg3 28. Nd3 Bh4 29. Rc7 Qf3 30. Re7 g3 31. fxg3 Bxg3 32. Qg2 g4 33. Rf1 Bh2+ 34. Kxh2 Qxf1 35. Qxf1 Rxf1 36. Rxa7 Rd1 37. Ne5 Kg8 38. Nxg4 Rd2+ 39. Kg3 Rxb2 40. Nf6+ Kf8 41. Nxh7+ Kg8 42. Nf6+ Kf8 43. Kf4 Re2 44. Ra5 Kg7 45. Nxd5 Re8 46. Kf3 Rh2 47. Ra7+ Kg6 48. Nf4+ Kf6 49. a4 Rb8 50. Ra6+ Kf7 51. d5 Rb3 52. d6 Rd2 53. Ke4 Ke8 54. Nd5 Rbd3 55. Ra5 Kd7 56. Ke5 Kc6 57. Nb4+ Kb6 58. Rb5+ 1-0

[Event "Havirov op 14th"]
[Site "Havirov"]
[Date "2013.08.30"]
[Round "7"]
[White "Trombik, Karel"]
[Black "Didi, Jan"]
[Result "0-1"]
[WhiteElo "2040"]
[BlackElo "2054"]
[PlyCount "96"]
[EventDate "2013.08.24"]
[EventType "swiss"]
[EventRounds "9"]
[EventCountry "CZE"]
[SourceTitle "CBM 156 Extra"]
[Source "ChessBase"]
[SourceDate "2013.10.22"]
[SourceVersion "1"]
[SourceVersionDate "2013.10.22"]
[SourceQuality "1"]

1. e4 c5 2. b3 Nc6 3. Nf3 d6 4. Bb5 Bd7 5. Bb2 a6 6. Bxc6 Bxc6 7. d3 e6 8. 0-0 Nf6 9. e5 dxe5 10. Nxe5 Rc8 11. Nd2 Be7 12. Qe2 0-0 13. Rad1 Nd7 14. f4 Nxe5 15. fxe5 b5 16. Nf3 Qb6 17. Kh1 c4 18. dxc4 bxc4 19. Bd4 Bc5 20. Bxc5 Qxc5 21. Nd4 h6 22. Rfe1 Rfd8 23. b4 Qb6 24. c3 Bd5 25. h3 a5 26. a3 axb4 27. axb4 Ra8 28. Ra1 Ra6 29. b5 Ra7 30. Rxa7 Qxa7 31. Qb2 Ra8 32. Rb1 Qa2 33. b6 Bb7 34. Nb5 Be4 35. Qxa2 Rxa2 36. Rg1 Rb2 37. Nd6 Bd5 38. b7 Bxb7 39. Nxc4 Rc2 40. Nd6 Bd5 41. Kh2 Rxc3 42. g4 Rc2+ 43. Kg3 g5 44. Ne8 Bc6 45. Nf6+ Kg7 46. h4 Rc3+ 47. Kf2 gxh4 48. Rd1 Kg6 0-1

[Event "Havirov op 14th"]
[Site "Havirov"]
[Date "2013.08.29"]
[Round "6"]
[White "Maroszczyk, Wieslaw"]
[Black "Trombik, Karel"]
[Result "1-0"]
[WhiteElo "1965"]
[BlackElo "2040"]
[PlyCount "43"]
[EventDate "2013.08.24"]
[EventType "swiss"]
[EventRounds "9"]
[EventCountry "CZE"]
[SourceTitle "CBM 156 Extra"]
[Source "ChessBase"]
[SourceDate "2013.10.22"]
[SourceVersion "1"]
[SourceVersionDate "2013.10.22"]
[SourceQuality "1"]

1. d4 d5 2. Nf3 Nf6 3. c4 dxc4 4. e3 a6 5. a4 g6 6. Bxc4 Bg7 7. Nc3 0-0 8. 0-0 Nbd7 9. Qe2 c5 10. Rd1 Qc7 11. a5 e6 12. h3 Re8 13. dxc5 Nxc5 14. e4 h6 15. Ra3 Ncd7 16. e5 Nh7 17. Bf4 g5 18. Bg3 Rb8 19. Bd3 Bf8 20. Qe4 Bxa3 21. Qxh7+ Kf8 22. Qxh6+ 1-0